| 000 | 00776nam a2200205 i 4500 | ||
|---|---|---|---|
| 001 | 39086 | ||
| 003 | ES-MaACL | ||
| 005 | 20230906155904.0 | ||
| 007 | t| | ||
| 008 | 030227s1888 sp ||||1| spa d | ||
| 100 | 1 |
_aCamprubí, Manuel. _934305 |
|
| 245 | 1 | 0 |
_aDescripción histórica, geográfica y política de la República de Colombia / _cManuel Camprubí. |
| 260 |
_aBarcelona : _b[s.n.], _c1888 ( _fImp. de Luis Tasso Sierra) |
||
| 300 |
_a39 p. ; _c20 cm. |
||
| 530 | _aDisponible en formato digital. | ||
| 594 | _aAutor (p. 34): Manuel Camprubí. | ||
| 651 | 4 |
_aColombia- _xDescripción. _9142474 |
|
| 852 |
_aES-MaACL _jT-955-F-1 _z.- Legado de González del Campillo |
||
| 856 |
_uhttp://bdh-rd.bne.es/viewer.vm?id=0000114190&page=1 _zBiblioteca Digital Hispánica |
||
| 999 |
_c39086 _d39086 |
||